Building contract law. (Record no. 90554)

MARC details
000 -LEADER
fixed length control field 00849cam a2200301 4500
008 - FIXED-LENGTH DATA ELEMENTS--GENERAL INFORMATION
fixed length control field 090401t1992 xxu||||| |||| 00| 0 eng d
020 ## - INTERNATIONAL STANDARD BOOK NUMBER
International Standard Book Number 0851217273
035 ## - SYSTEM CONTROL NUMBER
System control number (Sirsi) u37806
041 ## - LANGUAGE CODE
Language code of text/sound track or separate title eng
050 ## - LIBRARY OF CONGRESS CALL NUMBER
Classification number 692.8
100 ## - MAIN ENTRY--PERSONAL NAME
Personal name Murdoch, John
245 ## - TITLE STATEMENT
Title Building contract law.
260 ## - PUBLICATION, DISTRIBUTION, ETC.
Place of publication, distribution, etc. London
Name of publisher, distributor, etc. Longman
Date of publication, distribution, etc. 1992
300 ## - PHYSICAL DESCRIPTION
Extent xxiii,257p. ; 22cm.
350 ## - PRICE (NR) (BK AM CF MU VM SE) [OBSOLETE]
Price 35
490 ## - SERIES STATEMENT
Series statement Longman Practitioner Series
520 ## - SUMMARY, ETC.
Summary, etc. Looks at the different forms of contract, contract terms and obligations, subcontracts and construction disputes.
650 ## - SUBJECT ADDED ENTRY--TOPICAL TERM
Topical term or geographic name entry element BUILT ENVIRONMENT-BUILDING CONTRACT FORMS
650 ## - SUBJECT ADDED ENTRY--TOPICAL TERM
Topical term or geographic name entry element DISPUTES
650 ## - SUBJECT ADDED ENTRY--TOPICAL TERM
Topical term or geographic name entry element Insurance
9 (RLIN) 6249
650 ## - SUBJECT ADDED ENTRY--TOPICAL TERM
Topical term or geographic name entry element LIABILITY
650 ## - SUBJECT ADDED ENTRY--TOPICAL TERM
Topical term or geographic name entry element SUBCONTRACTS
650 ## - SUBJECT ADDED ENTRY--TOPICAL TERM
Topical term or geographic name entry element VARIATIONS
690 ## - LOCAL SUBJECT ADDED ENTRY--TOPICAL TERM (OCLC, RLIN)
Topical term or geographic name as entry element BUILT ENVIRONMENT
700 ## - ADDED ENTRY--PERSONAL NAME
Personal name Hughes, Will
942 ## - ADDED ENTRY ELEMENTS (KOHA)
Suppress in OPAC 0
948 ## - LOCAL PROCESSING INFORMATION (OCLC); SERIES PART DESIGNATOR (RLIN)
c (OCLC) 04/03/1997
Holdings
Withdrawn status Lost status Source of classification or shelving scheme Damaged status Not for loan Home library Current library Shelving location Date acquired Cost, normal purchase price Total Checkouts Full call number Barcode Date last seen Date last checked out Copy number Cost, replacement price Price effective from Koha item type
    Dewey Decimal Classification     London London Books 12/12/1992 35.00 20 692.8 30037618 06/08/2019 25/09/2008 1 35.00 06/08/2019 Book